| 000 | 00663nam a2200253Ia 4500 | ||
|---|---|---|---|
| 003 | OSt | ||
| 005 | 20220928122150.0 | ||
| 006 | a|||||r|||| 00| 0 | ||
| 007 | ta | ||
| 008 | 220927b |||||||| |||| 00| 0 eng d | ||
| 020 | _c0 | ||
| 024 | _a115756 | ||
| 037 |
_b4827, 04/04/2012, Gift _cTextual |
||
| 040 |
_aSDCL _cSDCL _beng |
||
| 041 |
_2eng _aeng |
||
| 082 | _aB3166, P8 | ||
| 100 |
_aSimons Stephen _9456500 |
||
| 245 | 0 | _aFrom Hahn-Banach to monotonicity. | |
| 260 | _c2008 | ||
| 300 |
_axiv,244p _ccm. |
||
| 650 |
_aGift _9391569 |
||
| 942 |
_hB3166, P8 _cTEXL _2CC |
||
| 999 |
_c770098 _d770098 |
||